000 00335nam a2200145Ia 4500
008 181130s2018 xx 000 0 und d
100 _aTiwari, K.N.
245 _aNew priorities for agriculture
260 _c2018
300 _ap.5-10.
504 _dJun
650 _aAgriculture
773 _aKurukshetra
906 _aAgriculture
999 _c506793
_d506793